Effective technical communication

में बचाया:
ग्रंथसूची विवरण
मुख्य लेखक: M. Ashraf Rizvi
स्वरूप: पुस्तक
भाषा:Undetermined
प्रकाशित: New Delhi Tata McGraw-Hill 2005
विषय:
टैग : टैग जोड़ें
कोई टैग नहीं, इस रिकॉर्ड को टैग करने वाले पहले व्यक्ति बनें!
Thư viện lưu trữ: Trung tâm Học liệu Trường Đại học Cần Thơ
LEADER 00504nam a2200193Ia 4500
001 CTU_100225
008 210402s9999 xx 000 0 und d
020 |c 159000 
082 |a 372.6 
082 |b R627 
100 |a M. Ashraf Rizvi 
245 0 |a Effective technical communication 
245 0 |c M. Ashraf Rizvi 
260 |a New Delhi 
260 |b Tata McGraw-Hill 
260 |c 2005 
650 |a communication skills 
904 |i Giang 
980 |a Trung tâm Học liệu Trường Đại học Cần Thơ